Principios de metalurgia física
Gespeichert in:
| 1. Verfasser: | |
|---|---|
| Format: | Buch |
| Sprache: | Spanisch |
| Veröffentlicht: |
Ciudad de México
Continental
1967
|
| Schlagworte: | |
| Tags: |
Tag hinzufügen
Keine Tags, Fügen Sie den ersten Tag hinzu!
|
MARC
| LEADER | 00000nam a2200000 a 4500 | ||
|---|---|---|---|
| 001 | UCT1891 | ||
| 003 | CL-VaPUC | ||
| 008 | 961004e19670200MX |||||||||||||||||spa|d | ||
| 082 | 0 | 4 | |a 669.94 |b REE |2 21 |
| 100 | 0 | |a Reed-Hill, Robert Ellis |e author |9 370918 | |
| 245 | 1 | 0 | |a Principios de metalurgia física |
| 300 | |a 774 p | ||
| 942 | |c BK | ||
| 945 | |d 19961004 00:00:00 |a cmena | ||
| 260 | |a Ciudad de México |b Continental |c 1967 | ||
| 650 | 7 | |a METALURGIA FISICA |2 CL-VaPUC |9 271683 | |
| 650 | 0 | |a Física del estado solido |9 315365 | |
| 650 | 7 | |a METALOGRAFIA |2 CL-VaPUC |9 271674 | |
| 650 | 7 | |a FENOMENOS BIOQUIMICOS |2 CL-VaPUC |9 360969 | |
| 583 | |a last modification |c 19961004 00:00:00 |k Rodrigo Vera | ||
| 999 | |c 252242 |d 252240 | ||
| 952 | |0 0 |1 0 |4 0 |6 669_940000000000000_REE_1967 |7 0 |8 A |9 271995 |a BIBCUR |b BIBCUR |d 2019-11-19 |i 1755676 |o 669.94 REE 1967 |p 1755676 |r 2025-04-22 |w 2019-11-19 |y BK |k BCB | ||